logo

Bir Sreshtho Munshi Abdur Rouf Library
Jhenaidah Cadet College

Routledge's complete letter writer : (Record no. 9893)

MARC details
000 -LEADER
fixed length control field 00812cam a2200253 a 4500
001 - CONTROL NUMBER
JCCL Control Number 9893
003 - CONTROL NUMBER IDENTIFIER
JCCL marc code BD-JhCC
005 - DATE AND TIME OF LATEST TRANSACTION
control field 20180403095753.0
008 - FIXED-LENGTH DATA ELEMENTS--GENERAL INFORMATION
fixed length control field 111017s1910 enk 000 0 eng d
035 ## - SYSTEM CONTROL NUMBER
system control number (BD-JhCC)9893
040 ## - CATALOGING SOURCE
Original cataloging agency BD-JhCC
Modifying agency BD-JhCC
041 ## - LANGUAGE CODE
Language code of Book eng
082 ## - DEWEY DECIMAL CLASSIFICATION NUMBER
Classification number 830
Author mark and Year VAL 1965
100 1# - MAIN ENTRY--PERSONAL NAME
Personal name Villiers, Arnold.
245 10 - TITLE STATEMENT
Title Routledge's complete letter writer :
Remainder of title for ladies and gentlemen in society in love and in business /
Statement of responsibility, etc by Arnold Villiers.
246 14 - VARYING FORM OF TITLE
Title proper/short title Routledge's complete letter writer for ladies & gentlemen
246 30 - VARYING FORM OF TITLE
Title proper/short title Complete letter writer
250 ## - EDITION STATEMENT
Edition statement Entirely new and rewritten ed.
260 ## - PUBLICATION, DISTRIBUTION, ETC. (IMPRINT)
Place of publication, distribution, etc London :
Name of publisher, distributor, etc George Routledge,
Date of publication, distribution, etc [1910?]
300 ## - PHYSICAL DESCRIPTION
Pagination xiv, 192 p. ;
Dimensions 20 cm.
650 #0 - SUBJECT ADDED ENTRY--TOPICAL TERM
Topical term or geographic name as entry element Letter writing
Form subdivision Handbooks, manuals, etc.
942 ## - ADDED ENTRY ELEMENTS (KOHA)
Source of classification or shelving scheme Dewey Decimal Classification
Koha item type Books
Holdings
Source of classification or shelving scheme Damaged status Not for loan Home library Current library Shelving location Date of accession Total Checkouts Full call number Barcode Date last seen Copy number Koha item type
Dewey Decimal Classification     JCC Rouf Library JCC Rouf Library General Stacks 04/03/2018   830 VAL 1965 11477 04/03/2018 C-1 Books

JCC Library | Contacts | JCC Home

Last Update on 23 September 2017
Copyright @ 2017-2020 JCC Rouf Library
Rouf Library, Jhenidah Cadet College (JCC), Bangladesh